000 00628nam a22002297a 4500
003 UA-OsUOA
001 95738
007 ta
008 20130306b un ||||| |||| 00| 0 ukr d
100 _aКарамзин Н.
090 _a821.161.1
_bК21
942 _cBK
040 _aUA-OsUOA
_brus
_cUA-OsUOA
_dUA-OsUOA
245 _aНаталья, боярская дочь
_bповести
300 _a94 с.
955 _a2
041 _arus
080 _a821.161.1
260 _aМ.
_bСоветская Россия
_c1988
650 7 _a82 Література. Літературознавство
_2UDC
999 _c381985
_d381985